Un hiver á Majorque / (Record no. 138372)

MARC details
000 -LEADER
campo de control de longitud fija 00534nam a2200169 4500
001 - NÚMERO DE CONTROL
campo de control 138372
003 - IDENTIFICADOR DE NÚMERO DE CONTROL
campo de control ES-MaACL
005 - FECHA Y HORA DE LA ÚLTIMA TRANSACCIÓN
campo de control 20230906195544.0
007 - CAMPO FIJO DE DESCRIPCIÓN FÍSICA--INFORMACIÓN GENERAL
campo de control de longitud fija t|
008 - DATOS DE LONGITUD FIJA--INFORMACIÓN GENERAL
campo de control de longitud fija 070214s1968 sp r ||||1| fre d
100 1# - ENTRADA PRINCIPAL--NOMBRE DE PERSONA
Nombre de persona Sand, George,
Fechas asociadas al nombre 1804-1876
9 (RLIN) 103060
245 13 - MENCIÓN DEL TÍTULO
Título Un hiver á Majorque /
Mención de responsabilidad, etc. George Sand [seud. de Armandine Lucile Aurore Dupin].
260 ## - PUBLICACIÓN, DISTRIBUCIÓN, ETC.
Lugar de publicación, distribución, etc. Palma de Mallorca :
Nombre del editor, distribuidor, etc. Clumba,
Fecha de publicación, distribución, etc. 1968.
300 ## - DESCRIPCIÓN FÍSICA
Extensión 192 p., 4 lám. ;
Dimensiones 19 cm +
Material acompañante/anejo 1 plan. pleg.
852 ## - LOCALIZACIÓN
Ubicación ES-MaACL
Número de control de estantería C-50363
Sublocalización o colección R.67156
Holdings
Estatus retirado Estado de pérdida Estado de daño No para préstamo Biblioteca de origen Biblioteca actual Ubicación en estantería Fecha de adquisición Fuente de adquisición Total de préstamos Signatura topográfica completa Código de barras Visto por última vez Precio de reemplazo Tipo de ítem Koha
        Biblioteca del Ateneo de Madrid Biblioteca del Ateneo de Madrid Depósito 2 17/01/2008     C-50363 1143986 23/02/2023 23/02/2023 Libro impreso